<The> measurement of concentration of banking sector

Saved in:
Bibliographic Details
Main Author: Brezina, Ivan, 1963-
Corporate Author: Fakulta hospodárskej informatiky EU. Katedra operačného výskumu a ekonometrie
Other Authors: Pekár, Juraj, 1972-, Čičková, Zuzana, 1978-
Format: Book
Language:English
Published: Bratislava 2012
Subjects:
Tags: Add Tag
No Tags, Be the first to tag this record!

MARC

LEADER 00000nam a2200000 4500
001 0159686
005 20240502072752.1
041 0 |a eng 
044 |a SK 
245 1 0 |a <The> measurement of concentration of banking sector  |c Ivan Brezina, Juraj Pekár, Zuzana Čičková 
264 1 |a Bratislava  |c 2012 
300 |a [6 s.] 
610 2 0 |a modelovanie 
610 2 0 |a modelovanie matematické 
610 2 0 |a modelovanie ekonometrické 
610 2 0 |a indexy 
610 2 0 |a banky 
610 2 0 |a koncentrácia 
100 1 |a Brezina, Ivan, 1963- 
700 1 |a Pekár, Juraj, 1972- 
700 1 |a Čičková, Zuzana, 1978- 
710 2 |a Fakulta hospodárskej informatiky EU. Katedra operačného výskumu a ekonometrie